EXPERIMENTAL PHARMACEUTICAL CHEMISTRY (Record no. 32475)

MARC details
000 -LEADER
fixed length control field 00349nam a22001457a 4500
003 - CONTROL NUMBER IDENTIFIER
control field SGT
020 ## - INTERNATIONAL STANDARD BOOK NUMBER
International Standard Book Number 978-81-948986-6-5
082 ## - DEWEY DECIMAL CLASSIFICATION NUMBER
Classification number 615.19
Item number SID
100 ## - MAIN ENTRY--PERSONAL NAME
Personal name SIDDIQUI, ANCES A
245 ## - TITLE STATEMENT
Title EXPERIMENTAL PHARMACEUTICAL CHEMISTRY
260 ## - PUBLICATION, DISTRIBUTION, ETC. (IMPRINT)
Place of publication, distribution, etc INDIA
Name of publisher, distributor, etc CBS PUB.
Year of Publication 2021
300 ## - PAGE DESCRIPTION
No. of Pages 393
650 ## - SUBJECT ADDED ENTRY--TOPICAL TERM
Topical term or geographic name as entry element PHARMACEUTICAL CHEMISTRY
942 ## - ADDED ENTRY ELEMENTS (KOHA)
Source of classification or shelving scheme Dewey Decimal Classification
Koha item type Books
Holdings
Withdrawn status Lost status Source of classification or shelving scheme Damaged status Not for loan Collection code Home library Current library Shelving location Date acquired SGTU Total Checkouts Full call number Accession No. (Barcode) Date last seen Bill Date Koha item type
    Dewey Decimal Classification     SCIENCE SGT Science & Social Sciences Library SGT Science & Social Sciences Library Text Book 26/08/2025 SGTU   615.19 SID DP151 26/08/2025 26/08/2025 Books